000 01235nam0a22002771 4500
001 rc\4058018
005 20130415145945.2
021 _aRU
_b[50-11981]
035 _a(NLR Aleph) 008110723
090 _a9302395
_c9302395
100 _a20130415d1950 |||y0rusy50 ca
101 0 _arus
102 _aRU
105 _ay z |||||
200 1 _aФинансовое хозяйство хлопковых колхозов
_fСектор экономики и организации с.-х. производства Всесоюз. ордена Ленина науч.-исслед. ин-та по хлопководству "СоюзНИХИ"
210 _aТашкент
_cГосиздат УзССР
_d1950
_gТип. № 2 Узбекполиграфиздата в Янги-Юле
215 _a95 с.
_d20
300 _aПеред загл. авт.: В.Н. Котикова, Г.В. Чернов
606 _aХлопководческие колхозы
_xФинансовое хозяйство
_2psbo
700 1 _aКотикова
_bВ. Н.
_gВера Николаевна
701 1 _aЧернов
_bГ. В.
801 0 _aRU
_bNLR
_gpsbo
801 1 _aRU
_bELAR
_2rusmarc
852 _aNLR
_jЭк50 Г-4/1622
942 _cBOOK
980 _aNB